La violencia y el problema agrario / (Registro nro. 5742)

Detalles MARC
000 -LEADER
fixed length control field 00946nam a2200229Ia 4500
003 - CONTROL NUMBER IDENTIFIER
control field OSt
005 - DATE AND TIME OF LATEST TRANSACTION
control field 20200413121742.0
008 - FIXED-LENGTH DATA ELEMENTS--GENERAL INFORMATION
fixed length control field 191128s1993 ck gr 000 0 spa d
040 ## - CATALOGING SOURCE
Original cataloging agency CO-JMCR
Transcribing agency CO-JMCR
041 1# - LANGUAGE CODE
Language code of text/sound track or separate title spa
082 04 - DEWEY DECIMAL CLASSIFICATION NUMBER
Classification number 301.633 /
Item number E74v
100 1# - MAIN ENTRY--PERSONAL NAME
Personal name Escobar Vélez, Edgar Guillermo,
Relator term autor
9 (RLIN) 2932
245 13 - TITLE STATEMENT
Title La violencia y el problema agrario /
Statement of responsibility, etc. Edgar Guillermo Escobar Vélez
250 ## - EDITION STATEMENT
Edition statement Primera edición
260 ## - PUBLICATION, DISTRIBUTION, ETC.
Place of publication, distribution, etc. Medellín :
Name of publisher, distributor, etc. Concejo de Medellín,
Date of publication, distribution, etc. 1993
300 ## - PHYSICAL DESCRIPTION
Extent 272 páginas ;
Dimensions 20 cm.
490 0# - SERIES STATEMENT
Series statement Serie de Autores de hoy
505 ## - FORMATTED CONTENTS NOTE
Formatted contents note Introducción: La agresividad humana: instintiva ( innata, natural, heredada) o adquirida (aprendida) -- El problema o las cuestión agraria en Colombia -- La violencia en Colombia -- Propuestas de solución para el problema de la violecia en Colombia
650 14 - SUBJECT ADDED ENTRY--TOPICAL TERM
Topical term or geographic name entry element Violencia Sector agropecuario
9 (RLIN) 2933
650 24 - SUBJECT ADDED ENTRY--TOPICAL TERM
Topical term or geographic name entry element Tenencia de la tierra
9 (RLIN) 2934
942 ## - ADDED ENTRY ELEMENTS (KOHA)
Source of classification or shelving scheme Dewey Decimal Classification
Koha item type Books
Existencias
Withdrawn status Lost status Source of classification or shelving scheme Materials specified (bound volume or other part) Damaged status Not for loan Home library Current library Shelving location Date acquired Source of acquisition Cost, normal purchase price Total Checkouts Full call number Barcode Date last seen Copy number Price effective from Koha item type
    Dewey Decimal Classification Donación--15/04/2018--     Biblioteca Pública José María del Castillo y Rada Biblioteca Pública José María del Castillo y Rada General Stacks 11/28/2019 Donación 0.00   301.633 / E74v 430004097 05/16/2024 Ej.1 11/28/2019 Books